Shakespere : (Record no. 4441)

MARC details
000 -LEADER
fixed length control field 00433cam a2200157ua 4500
008 - FIXED-LENGTH DATA ELEMENTS--GENERAL INFORMATION
fixed length control field 120306n ii |||gr||||Z||||||eng
020 ## - INTERNATIONAL STANDARD BOOK NUMBER
International Standard Book Number 81-7124-045-3
040 ## - CATALOGING SOURCE
Transcribing agency MAIN
100 1# - MAIN ENTRY--PERSONAL NAME
Personal name Dowden, Edward,
Relator term
245 10 - TITLE STATEMENT
Title Shakespere :
Remainder of title a critical study of his mind and art /
Statement of responsibility, etc. by Edward Dowden .
250 ## - EDITION STATEMENT
Edition statement 1st.
260 ## - PUBLICATION, DISTRIBUTION, ETC.
Place of publication, distribution, etc. Varansi:
Name of publisher, distributor, etc. Viswavidyalaya prakashan,
Date of publication, distribution, etc. 1990.
300 ## - PHYSICAL DESCRIPTION
Extent 280p:
Dimensions 23cm.
942 ## - ADDED ENTRY ELEMENTS (KOHA)
Koha item type Books
Holdings
Withdrawn status Lost status Damaged status Not for loan Home library Current library Shelving location Date acquired Total Checkouts Full call number Barcode Date last seen Copy number Price effective from Koha item type
        Central Library, Naharkatiya College Central Library, Naharkatiya College General Stacks 19/09/2020   DOW 4504 19/09/2020 1 19/09/2020 Books

Naharkatiya College © 2020. All rights reserved.

Powered By